Графический дизайн. Принцип сетки: пер. с англ.

Detalles Bibliográficos
Autor principal: Элам К. Кимберли
Sumario:Эффективно работающая композиция — один из основополагающих принципов при создании дизайна в любой сфере. Книга известного дизайнера, преподавателя графического дизайна и автора бестселлера «Геометрия дизайна» Кимберли Элам дает необходимое представление о том, что такое проектирование на основе сетки, а также о том, как грамотно и целесообразно эти принципы использовать ради достижения нужного эффекта.
Lenguaje:ruso
Publicado: Санкт-Петербург, Питер, 2014
Materias:
Formato: Libro
KOHA link:https://koha.lib.tpu.ru/cgi-bin/koha/opac-detail.pl?biblionumber=253485

MARC

LEADER 00000nam0a2200000 4500
001 253485
005 20231101232840.0
010 |a 9785496004329 
035 |a (RuTPU)RU\TPU\book\275874 
090 |a 253485 
100 |a 20140313d2014 km y0rusy50 ca 
101 1 |a rus  |c eng 
102 |a RU 
105 |a a z 000zy 
200 1 |a Графический дизайн. Принцип сетки  |e пер. с англ.  |f К. Элам 
210 |a Санкт-Петербург  |c Питер  |d 2014 
215 |a 119 с.  |c ил. 
330 |a Эффективно работающая композиция — один из основополагающих принципов при создании дизайна в любой сфере. Книга известного дизайнера, преподавателя графического дизайна и автора бестселлера «Геометрия дизайна» Кимберли Элам дает необходимое представление о том, что такое проектирование на основе сетки, а также о том, как грамотно и целесообразно эти принципы использовать ради достижения нужного эффекта. 
606 1 |a Отделка интерьера  |2 stltpush  |3 (RuTPU)RU\TPU\subj\47667  |9 66589 
610 1 |a графический дизайн 
610 1 |a проектирование 
610 1 |a композиция 
610 1 |a плакаты 
610 1 |a типографика 
610 1 |a пространство 
610 1 |a учебные проекты 
610 1 |a дизайнерские работы 
610 1 |a художественное конструирование 
675 |a 747  |v 3 
700 1 |a Элам  |b К.  |g Кимберли 
801 1 |a RU  |b 63413507  |c 20140313 
801 2 |a RU  |b 63413507  |c 20150710  |g RCR 
900 |a Дизайн 
900 |a Шрифты 
900 |a Дизайн-проектирование 
900 |a Дизайн и основы художественного конструирования 
942 |c BK 
959 |a 47/20140312  |d 1  |e 525,00  |f ЧЗТЛ:1 
959 |a 71/20140416  |d 3  |e 525,00  |f АНЛ:1  |f УФ:2